000 00314nam a22001337a 4500
008 170711b xxu||||| |||| 00| 0 eng d
020 _a9780816026104
041 _aeng
080 _a030
100 _a26
101 _aENC
245 _aTHE ENCYCLOPEDIA OF MEMORY AND MEMORY DISORDERS
_cNOLL, R
942 _2udc
_cBK
999 _c20210
_d20210